|
|
|
|
| LEADER |
00815nam a2200205 a 4500 |
| 001 |
1237439 |
| 008 |
100116s1971 nyu b 001 0 eng d |
| 010 |
|
|
|a 70134884
|
| 040 |
|
|
|a DLC
|c DLC
|d DLC
|d BD-DhAAL
|
| 082 |
0 |
0 |
|a 301.2/4
|
| 100 |
1 |
|
|a Allen, Francis R.
|
| 245 |
1 |
0 |
|a Socio-cultural dynamics :
|b an introduction to social change /
|c Francis R. Allen.
|
| 260 |
|
|
|a New York :
|b Macmillan,
|c 1971
|
| 300 |
|
|
|a x, 396 p. ;
|c 24 cm.
|
| 504 |
|
|
|a Includes bibliographies and index.
|
| 541 |
1 |
|
|e 00000189
|
| 650 |
|
0 |
|a Social change.
|
| 852 |
4 |
|
|a Ayesha Abed Library
|j General Shelf.
|
| 999 |
|
|
|c 7032
|d 7032
|
| 952 |
|
|
|0 0
|1 0
|2 ddc
|4 0
|6 301_240000000000000_ALL_1971
|7 0
|9 7287
|a BRACUL
|b BRACUL
|c GEN
|d 2010-01-17
|g 0.00
|l 1
|o 301.24 ALL
|p 3010000189
|r 2023-02-15
|s 2023-02-12
|t 1
|w 2010-01-17
|y BK
|z Not price in Register
|x Not price in Register
|